书目信息 |
| 题名: |
财经古文选
|
|
| 作者: | ;中央财经金融学院汉语教研室 编 | |
| 分册: | ||
| 出版信息: | 北京 中国财政经济出版社 1983 |
|
| 页数: | 200页 | |
| 开本: | 19cm | |
| 丛书名: | ||
| 单 册: | ||
| 中图分类: | F129.2 | |
| 科图分类: | ||
| 主题词: | 经济--中国 | |
| 电子资源: | ||
| ISBN: | ||
| 000 | 00701nam0 2200241 45 | |
| 001 | 0183009423 | |
| 005 | 20040425083927.2 | |
| 010 | @dCNY0.70 | |
| 091 | @a74166.395 | |
| 100 | @a19950626d1983 em y0chiy0121 ea | |
| 101 | 0 | @achi |
| 102 | @aCN@b110000 | |
| 105 | @ay z 000yy | |
| 106 | @ar | |
| 200 | 10 | @a财经古文选@Acai jing gu wen xuan@f中央财政金融学院汉语教研室编 |
| 210 | @a北京@c中国财政经济出版社@d1983 | |
| 215 | @a200页@d19cm | |
| 606 | 0 | @a经济@x中国 |
| 690 | @aF129.2 | |
| 711 | 02 | @a中央财经金融学院汉语教研室@Azhong yang cai jing jin rong xue yuan han yu jiao yan shi@4编 |
| 801 | 0 | @aCN@b上海图书馆@c20040425 |
| 801 | 2 | @aCN@bNLC@c20040425 |
| 905 | @f2@b94497-498@dF129.2@e6 | |
| 财经古文选/中央财政金融学院汉语教研室编.-北京:中国财政经济出版社,1983 |
| 200页;19cm |
| ISBN :CNY0.70 |
| ● |
| 相关链接 |
|
|
|
|
正题名:财经古文选
索取号:F129.2/6
 
预约/预借
| 序号 | 登录号 | 条形码 | 馆藏地/架位号 | 状态 | 备注 |
| 1 | 0094497 | 000201007 | 密集书库/ [索取号:F129.2/6] | 在馆 | |
| 2 | 0094498 | 000200990 | 第一借阅区/ [索取号:F129.2/6] | 在馆 | |
| 3 | 0094499 | 000201025 | 第一样本阅览室/ [索取号:F129.2/6] | 在馆 |